The textile industry in India : (Record no. 140169)

MARC details
000 -LEADER
fixed length control field 00669nam a22001937a 4500
005 - DATE AND TIME OF LATEST TRANSACTION
control field 20170522105338.0
010 ## - LCCN (DPL NO)
LC control number ENG-118275
020 ## - INTERNATIONAL STANDARD BOOK NUMBER
International Standard Book Number 9780199469352
Terms of availability 850.00
035 ## - SYSTEM CONTROL NUMBER
System control number EN-101807
037 ## - SOURCE OF ACQUISITION
Source of stock number/acquisition DBAD/PUB
082 ## - DEWEY DECIMAL CLASSIFICATION NUMBER
Classification number 338.476770954
100 ## - MAIN ENTRY--PERSONAL NAME
Personal name Oberoi,Bindu
245 ## - TITLE STATEMENT
Title The textile industry in India :
Statement of responsibility, etc by Bindu Oberoi
Remainder of title changing trends and employment challenges /
260 ## - PUBLICATION, DISTRIBUTION, ETC. (IMPRINT)
Place of publication, distribution, etc New Delhi
Name of publisher, distributor, etc Oxford University Press
Date of publication, distribution, etc 2017
270 ## - ADDRESS
Address YMCA Library Building,1 Jai Singh Road
City New Delhi
Postal code 110001
300 ## - PHYSICAL DESCRIPTION
Extent xxvii,241p.
Dimensions 23cm.(Hb)
500 ## - GENERAL NOTE
General note Includes bibliographical references and index
942 ## - ADDED ENTRY ELEMENTS (KOHA)
Source of classification or shelving scheme Dewey Decimal Classification
Item type English Books
Classification part 338.476770954
Call number suffix OBE
Holdings
Withdrawn status Lost status Not for loan Collection code Home library Current library Date acquired Source of acquisition Cost, normal purchase price Full call number Barcode Copy number Cost, replacement price Koha item type
      Non-fiction Shahdara Branch Shahdara Branch 22/05/2017 DBAD/PUB 850.00 338.476770954 OBE EN-101807 1 850.00 English Books

© Delhi Public Library
Hit Counter
free hit counter